[Event "Deltalift Open 2014"]
[Site "Tylosand"]
[Date "2014.05.29"]
[Round "4.6"]
[White "Ziegler, Ari"]
[Black "Kumar, Rahul"]
[Result "1-0"]
[WhiteElo "2330"]
[BlackElo "2169"]

1.d4 b6 2.c4 Bb7 3.Nc3 d6 4.e4 Nd7 5.Nf3 c5 6.d5 g6 7.Be2 Bg7 8.O-O a6 9.
h3 Qc7 10.Be3 h6 11.Qd2 Ngf6 12.Ne1 g5 13.a4 a5 14.Nd3 Ba6 15.b3 Ne5 16.f4
gxf4 17.Bxf4 O-O-O 18.Rae1 h5 19.Rf2 Kb8 20.Ref1 Rdf8 21.Nxe5 dxe5 22.Bg5 
Qd6 23.Rf5 Ka8 24.Qe1 Rh7 25.Bh4 Bh8 26.Bg3 Nd7 27.Bxh5 Bf6 28.Bg4 Rg8 29.
R5f3 Rh6 30.Nd1 Rhh8 31.Nb2 Bc8 32.Nd3 Rh6 33.Qc3 Rg5 34.Qd2 Rh8 35.Qf2 
Rg6 36.Bf5 Rg7 37.Qb2 Rg5 38.Nf2 Bg7 39.Nd1 f6 40.Ne3 Bf8 41.Ng4 Rgg8 42.
Be6 Bg7 43.Bxg8 Rxg8 44.Ne3 Nf8 45.Nf5 Bxf5 46.Rxf5 Bh6 47.Qe2 Rxg3 48.Qh5
Rg6 49.R1f3 Qd8 50.Qh4 Qd6 51.Rh5 Bg5 52.Qe1 Kb7 53.Rh8 Nd7 54.Qe2 Bf4 55.
Rf1 Nb8 56.Qh5 Rg3 57.Rf3 Rg7 58.Qe8 f5 59.Qc8+ Ka7 60.Qxf5 Qg6 61.Qxg6 
Rxg6 62.Rh7 Na6 63.Rxe7+ Kb8 64.Kf2 Nb4 65.g3 Bh6 66.h4 Nc2 67.Rff7 Nd4 
68.Re8# 1-0

[Event "Deltalift Open 2014"]
[Site "Tylosand"]
[Date "2014.05.29"]
[Round "4.7"]
[White "Nilsson, Patrik  Helsinborgs ASK"]
[Black "Cramling, Pia"]
[Result "0-1"]
[WhiteElo "2104"]
[BlackElo "2507"]

1.e4 c5 2.c3 d5 3.exd5 Qxd5 4.Nf3 Nc6 5.Na3 Bf5 6.d4 cxd4 7.cxd4 e6 8.Nb5 
Rc8 9.a3 Nf6 10.Be3 Be7 11.Be2 O-O 12.O-O Rfd8 13.Qa4 a6 14.Nc3 Qa5 15.b4 
Qxa4 16.Nxa4 Nd5 17.Rac1 a5 18.bxa5 Nxa5 19.Ra1 Nc4 20.Rfc1 Ncxe3 21.fxe3 
Nxe3 22.Nb6 Rc2 23.Kf2 Ng4+ 24.Ke1 Rxc1+ 25.Rxc1 Ne3 26.Rc7 Bxa3 27.Rxb7 
Nxg2+ 28.Kf2 Nf4 29.Bc4 h6 30.Ke3 Bc1+ 31.Kf2 Be4 32.Rc7 Nh3+ 33.Kg2 Ng5 
34.Be2 Bb2 35.d5 exd5 36.h4 Ne6 0-1

[Event "Deltalift Open 2014"]
[Site "Tylosand"]
[Date "2014.05.29"]
[Round "4.8"]
[White "Hector, Jonny"]
[Black "Wengholm, Anders"]
[Result "1-0"]
[WhiteElo "2511"]
[BlackElo "2177"]

1.e4 c5 2.Nf3 e6 3.d4 cxd4 4.Nxd4 a6 5.Nc3 Qc7 6.Bd3 Nf6 7.f4 d6 8.Qe2 Nc6
9.Nf3 g6 10.O-O Bg7 11.e5 dxe5 12.fxe5 Nd7 13.Bf4 Ncxe5 14.Kh1 Qa5 15.Nb5 
axb5 16.Nxe5 O-O 17.Ng4 e5 18.Nh6+ Kh8 19.Bd2 Qc7 20.Nxf7+ Kg8 21.Nh6+ Kh8
22.Nf7+ Kg8 23.Ng5 Nf6 24.Bxb5 h6 25.Qc4+ Qxc4 26.Bxc4+ Kh8 27.Nf7+ Kh7 
28.Nxe5 Bf5 29.Bd3 Ne4 30.Bb4 Rfe8 31.Nc4 b5 32.Nb6 Rab8 33.Nd5 Bd4 34.
Rae1 Kg7 35.Nc7 Re5 36.Bxe4 Bxe4 37.Bd6 Rbe8 38.Nxe8+ Rxe8 39.Rf4 1-0

[Event "Deltalift Open 2014"]
[Site "Tylosand"]
[Date "2014.05.29"]
[Round "4.9"]
[White "Fransson, Peter"]
[Black "Johansson, Linus"]
[Result "0-1"]
[WhiteElo "2237"]
[BlackElo "2338"]

1.Nf3 c5 2.g3 Nc6 3.Bg2 g6 4.O-O Bg7 5.d3 d5 6.Nbd2 Nf6 7.e4 O-O 8.Re1 Bg4
9.h3 Bxf3 10.Qxf3 e6 11.Qe2 Rc8 12.c3 b5 13.Nf3 dxe4 14.dxe4 c4 15.Bf4 Qb6
16.Ne5 Nxe5 17.Bxe5 Nd7 18.Bf4 Ne5 19.Bxe5 Bxe5 20.Kh2 b4 21.f4 bxc3 22.
fxe5 cxb2 23.Rad1 c3 24.Qc2 Rfd8 25.Bf1 b1=Q 26.Rxd8+ Rxd8 27.Qxb1 Qf2+ 
28.Bg2 c2 29.Qc1 Qxe1 30.Qxe1 Rd1 31.Qa5 c1=Q 32.Qxa7 Rd2 33.h4 Qf1 34.Qg1
Qxg1+ 35.Kxg1 Rxa2 36.g4 Ra5 37.Kf2 Rxe5 38.Kf3 Ra5 39.g5 Kf8 40.Kf4 e5+ 
41.Kg4 Ke7 42.h5 Kd6 43.hxg6 hxg6 44.Bf1 Kc5 0-1

[Event "Deltalift Open 2014"]
[Site "Tylosand"]
[Date "2014.05.29"]
[Round "4.10"]
[White "Gutzmann, Tobias"]
[Black "Haugli, Petter"]
[Result "0-1"]
[WhiteElo "2116"]
[BlackElo "2292"]

1.d4 Nf6 2.c4 c5 3.d5 b5 4.cxb5 a6 5.f3 axb5 6.e4 b4 7.e5 Ng8 8.f4 d6 9.
Nf3 g6 10.Bb5+ Bd7 11.Bc4 Bg7 12.O-O Nh6 13.exd6 exd6 14.Re1+ Kf8 15.Nbd2 
Nf5 16.Ne4 Qb6 17.Qe2 Na6 18.g4 Nd4 19.Nxd4 Bxd4+ 20.Be3 Bg7 21.Bf2 Nc7 
22.Bh4 Ne8 23.Be7+ Kg8 24.g5 Bd4+ 25.Kg2 h6 26.Rad1 hxg5 27.Rxd4 cxd4 28.
fxg5 Rh3 29.Qf2 Rc8 30.Rf1 Rh7 31.b3 Bh3+ 0-1

[Event "Deltalift Open 2014"]
[Site "Tylosand"]
[Date "2014.05.29"]
[Round "4.11"]
[White "Astrom, Lars"]
[Black "Frisk Kockum, Anton"]
[Result "1/2-1/2"]
[WhiteElo "1937"]
[BlackElo "2326"]

1.e4 c5 2.c3 d5 3.exd5 Qxd5 4.d4 g6 5.Nf3 Bg7 6.Be2 cxd4 7.cxd4 Nf6 8.Nc3 
Qa5 9.O-O O-O 10.h3 Nc6 11.Be3 Nd5 12.Nxd5 Qxd5 13.Qa4 Bd7 14.Rad1 Rad8 
15.Qc4 Be6 16.Qxd5 Bxd5 17.a3 b6 18.Rfe1 Bb3 19.Rd3 Bc4 20.Rc3 Bxe2 21.
Rxe2 Rd6 22.Bf4 Nxd4 23.Nxd4 Rxd4 24.Be5 Rd1+ 25.Kh2 Bxe5+ 26.Rxe5 e6 27.
Rc7 Rd2 28.Kg3 Rxb2 29.Rxa7 Rc8 30.Re3 Rc5 31.Rf3 Rg5+ 32.Kh2 Rf5 33.Rxf5 
gxf5 34.Kg3 Kg7 35.Kf3 Kg6 36.g3 Rb3+ 37.Kg2 h5 38.h4 f4 39.a4 f3+ 40.Kh3 
Rb2 41.g4 hxg4+ 42.Kxg4 Rxf2 43.Kg3 Rf1 44.Ra6 f2 45.Rxb6 Ra1 46.Kxf2 Rxa4
47.Kg3 Kf5 48.Rb7 Ra3+ 49.Kg2 f6 50.Rg7 Ra4 51.Kg3 Ra1 52.Kg2 e5 53.h5 Ra8
54.h6 Rh8 55.h7 Ke6 56.Kg3 f5 57.Rb7 Kf6 58.Ra7 Kg6 59.Re7 e4 60.Kf4 Rxh7 
61.Re6+ Kf7 62.Ra6 Rh5 63.Rb6 Ke7 64.Ra6 Kf7 65.Rb6 Kg7 66.Rb7+ Kf6 67.
Rb6+ Ke7 68.Ra6 Kd7 69.Rb6 Kc7 70.Ra6 Kd7 71.Rb6 Rh8 72.Kxf5 Re8 73.Kf4 e3
74.Rb1 Kd6 75.Re1 Kd5 76.Rxe3 1/2-1/2

[Event "Deltalift Open 2014"]
[Site "Tylosand"]
[Date "2014.05.29"]
[Round "4.12"]
[White "Kantans, Toms"]
[Black "Rothman, Peter"]
[Result "1-0"]
[WhiteElo "2440"]
[BlackElo "2161"]

1.e4 d5 2.exd5 Nf6 3.c4 c6 4.d4 cxd5 5.Nc3 e6 6.Nf3 Nbd7 7.cxd5 exd5 8.Bd3
Bd6 9.O-O O-O 10.Re1 Nb6 11.Ne5 Be6 12.Bg5 Rc8 13.Rc1 h6 14.Bh4 Re8 15.Bb1
Nbd7 16.Nxd7 Bxd7 17.Qd3 g6 18.Nxd5 Rxc1 19.Rxc1 g5 20.Nxf6+ Qxf6 21.Bg3 
Bxg3 22.hxg3 Bc6 23.d5 Bd7 24.b4 a6 25.a3 Bb5 26.Qh7+ Kf8 27.Rc7 Re1+ 28.
Kh2 Rd1 29.Bg6 Qxg6 30.Qh8+ Qg8 31.Rc8+ 1-0

[Event "Deltalift Open 2014"]
[Site "Tylosand"]
[Date "2014.05.29"]
[Round "4.13"]
[White "Welin, Mats"]
[Black "Grimsholm, Ola"]
[Result "0-1"]
[WhiteElo "2304"]
[BlackElo "2098"]

1.e4 c5 2.Nf3 d6 3.d4 cxd4 4.Nxd4 Nf6 5.Nc3 a6 6.Be2 e6 7.O-O Qc7 8.f4 
Nbd7 9.Bf3 Be7 10.Kh1 O-O 11.g4 Nc5 12.g5 Nfd7 13.Bg2 b5 14.f5 Bb7 15.Qg4 
Ne5 16.Qh4 b4 17.Nce2 exf5 18.Nxf5 Ng6 19.Qg4 Rad8 20.Neg3 d5 21.exd5 Bxd5
22.Bxd5 Rxd5 23.Qxb4 a5 24.Qc4 Qb7 25.Kg1 Rc8 26.Be3 Ne6 27.Qe4 Qd7 28.h4 
Bc5 29.Rf2 Re5 30.Qf3 Nxh4 31.Nxh4 Rxe3 32.Qg4 Re5 33.Nf3 Bxf2+ 34.Kxf2 
Rxc2+ 35.Kg1 Qa7+ 36.Kh1 Qf2 0-1

[Event "Deltalift Open 2014"]
[Site "Tylosand"]
[Date "2014.05.29"]
[Round "4.14"]
[White "Mardell, Jonas"]
[Black "Kristensen, Kaare Hove"]
[Result "0-1"]
[WhiteElo "2143"]
[BlackElo "2350"]

1.e4 c5 2.c3 d5 3.exd5 Nf6 4.Nf3 Nxd5 5.d4 e6 6.Bc4 Be7 7.O-O O-O 8.Qd3 
cxd4 9.Nxd4 Nd7 10.Bxd5 Nc5 11.Qc4 exd5 12.Qe2 Re8 13.Bf4 Bf6 14.Qf3 Ne4 
15.Na3 Bd7 16.Nac2 Qb6 17.Rfc1 Qxb2 18.Rab1 Qxc3 19.Qxc3 Nxc3 20.Rxb7 Ba4 
21.Kf1 Bxc2 0-1

[Event "Deltalift Open 2014"]
[Site "Tylosand"]
[Date "2014.05.29"]
[Round "4.15"]
[White "Reid, Gregor"]
[Black "Nilsson, Anders"]
[Result "0-1"]
[WhiteElo "2135"]
[BlackElo "2214"]

1.e4 c6 2.d4 g6 3.c4 Bg7 4.Nc3 d6 5.f3 a6 6.Be3 Nf6 7.Qd2 b5 8.a3 O-O 9.g4
e5 10.Nge2 bxc4 11.h4 Re8 12.h5 exd4 13.Bxd4 c5 14.Be3 Nc6 15.O-O-O Ne5 
16.Ng3 Nxf3 17.Qf2 Nd4 18.hxg6 hxg6 19.Bxc4 Be6 20.Bxe6 Rxe6 21.Qh2 Nxg4 
22.Qh7+ Kf8 23.Bf4 Rb8 24.Kb1 Qb6 25.Rd2 Nf3 26.Rc2 Bxc3 0-1

[Event "Deltalift Open 2014"]
[Site "Tylosand"]
[Date "2014.05.29"]
[Round "4.16"]
[White "Silseth, Simon"]
[Black "Eriksson, Kristian"]
[Result "1-0"]
[WhiteElo "2317"]
[BlackElo "2094"]

1.e4 e5 2.Bc4 Nc6 3.d3 Nf6 4.Nc3 Bc5 5.f4 d6 6.f5 h6 7.Nf3 Bd7 8.a3 Nd4 9.
Nxd4 Bxd4 10.Qf3 Qe7 11.Nd5 Nxd5 12.Bxd5 O-O-O 13.c3 Bb6 14.Be3 Bxe3 15.
Qxe3 Kb8 16.O-O c6 17.Ba2 Bc8 18.d4 f6 19.d5 Bd7 20.dxc6 Bxc6 21.Rad1 b6 
22.Bd5 Bxd5 23.Rxd5 Rc8 24.Rfd1 Rhd8 25.Qd3 Rc6 26.a4 Qc7 27.Ra1 Rc5 28.
Kf2 Rxd5 29.Qxd5 Qc5+ 30.Qxc5 dxc5 31.Ke2 Kb7 32.b3 Kc6 33.Rb1 a6 34.Rd1 
Rb8 35.Kf3 b5 36.a5 Re8 37.Kg4 Re7 38.Kh5 Rc7 39.Kg6 Re7 40.g4 Rc7 41.h4 
Re7 42.Rd8 c4 43.b4 Rc7 44.g5 hxg5 45.hxg5 fxg5 46.Kxg5 Re7 47.Kg6 Ra7 48.
Rc8+ 1-0

[Event "Deltalift Open 2014"]
[Site "Tylosand"]
[Date "2014.05.29"]
[Round "4.17"]
[White "Rosberg, Simon"]
[Black "Karlsson, Robin"]
[Result "1/2-1/2"]
[WhiteElo "2255"]
[BlackElo "2084"]

1.Nf3 Nf6 2.c4 g6 3.g3 Bg7 4.Bg2 d6 5.d4 O-O 6.O-O Nc6 7.Nc3 a6 8.b3 Rb8 
9.Bb2 b5 10.cxb5 axb5 11.d5 Na5 12.Nd4 b4 13.Nb1 c5 14.dxc6 e5 15.Nc2 Qc7 
16.Ne3 Nxc6 17.Nd2 Ne7 18.Ndc4 Rd8 19.a3 Be6 20.axb4 d5 21.Bxe5 Qb7 22.
Bxb8 Qxb8 23.Na5 Ne4 24.Nc2 Nc3 25.Qd2 Qb5 26.Rfe1 Bg4 27.e3 Ne2+ 28.Rxe2 
Bxa1 29.f3 Bc3 30.Qd1 Bf5 31.Nd4 Bxd4 32.exd4 Qxb4 33.Qd2 Qa3 34.Rxe7 Qxe7
35.Nc6 Qd7 36.Nxd8 Qxd8 37.Bf1 h5 38.h4 Qb8 39.Qf4 Qxb3 40.g4 hxg4 41.fxg4
Be4 42.h5 1/2-1/2

[Event "Harplinge Mini Open 2014"]
[Site "Tylosand"]
[Date "2014.05.29"]
[Round "4.18"]
[White "Cramling, Anna"]
[Black "Jonsson, Jacob"]
[Result "0-1"]
[WhiteElo "1514"]
[BlackElo "1420"]

1.d4 d5 2.c4 c6 3.Nc3 Nf6 4.Nf3 Qc7 5.Ne5 e6 6.Qc2 Bd6 7.Nf3 Nbd7 8.e4 
dxe4 9.Nxe4 O-O 10.Nxd6 Qxd6 11.Bd3 c5 12.Be3 cxd4 13.Bxd4 Rd8 14.Rd1 b6 
15.O-O Bb7 16.Bxf6 Nxf6 17.Bxh7+ Nxh7 18.Rxd6 Rxd6 19.Rd1 Rc6 20.Rd7 Ba6 
21.b3 Nf6 22.Rd2 Rac8 23.Ne5 Rc5 24.Nd7 Nxd7 25.Rxd7 Bxc4 26.bxc4 Rxc4 27.
Rd8+ Rxd8 28.Qxc4 Rd1+ 29.Qf1 Rxf1+ 30.Kxf1 Kf8 31.Ke2 Ke7 32.Kd3 Kd6 33.
Kd4 a5 34.g4 g5 35.Ke4 f6 36.f4 gxf4 37.Kxf4 b5 38.h4 Ke7 39.Ke4 b4 40.Kd4
f5 41.gxf5 exf5 42.Ke5 a4 43.h5 b3 44.axb3 axb3 45.h6 Kf7 0-1

[Event "Harplinge Mini Open 2014"]
[Site "Tylosand"]
[Date "2014.05.29"]
[Round "4.19"]
[White "Torngren, Gustav"]
[Black "Forsberg, Fredrik"]
[Result "0-1"]
[WhiteElo "1005"]
[BlackElo "1515"]

1.e4 Nf6 2.Nc3 d5 3.exd5 Nxd5 4.Bc4 Nb6 5.d3 Nxc4 6.dxc4 Qxd1+ 7.Nxd1 e5 
8.h3 Nc6 9.Ne2 Bf5 10.Ne3 Bg6 11.O-O O-O-O 12.c3 Bc5 13.Nd5 Bd3 14.Re1 
Bxc4 15.Ne3 Bxe2 16.Rxe2 Bxe3 17.Bxe3 a6 18.b4 Rd3 19.Bd2 Rhd8 20.Be1 Kd7 
21.Re3 Ke6 22.Kf1 Rxe3 23.fxe3 Rd3 24.Ke2 e4 25.Rd1 Rxd1 26.Kxd1 Kd5 27.
Kc2 Ne7 28.a4 Kc4 29.a5 Nd5 30.Bd2 c6 31.g3 f5 32.g4 fxg4 33.hxg4 g5 34.
Kb2 Kd3 35.Bc1 Nxe3 36.Bxe3 Kxe3 37.Kb3 Kd3 38.c4 e3 0-1

[Event "Deltalift Open 2014"]
[Site "Tylosand"]
[Date "2014.05.30"]
[Round "5.1"]
[White "Persson, Tiger Hillarp"]
[Black "Sjodahl, Pontus"]
[Result "1-0"]
[WhiteElo "2556"]
[BlackElo "2433"]

1.e4 d5 2.exd5 Qxd5 3.Nf3 Bg4 4.Be2 Nc6 5.d4 e5 6.c4 Qa5+ 7.Bd2 Bb4 8.d5 
Bxf3 9.Bxf3 Nd4 10.Nc3 Qa6 11.O-O Nxf3+ 12.Qxf3 Qxc4 13.Rac1 Nf6 14.Rfe1 
Bd6 15.h3 O-O 16.Bg5 Nd7 17.Re4 Qa6 18.Rh4 f6 19.Qf5 fxg5 20.Qxh7+ Kf7 21.
Rh6 Nf6 22.Rxf6+ Kxf6 23.Ne4+ Ke7 24.Qxg7+ Rf7 25.Qxg5+ Kd7 26.Qg4+ Ke7 
27.Qe6+ Kf8 28.Ng5 Re7 29.Qg6 Rae8 30.Ne6+ Rxe6 31.dxe6 Re7 32.Rc3 Rg7 33.
Rf3+ Kg8 34.Qe8+ Kh7 35.Rf5 Qe2 36.Rh5+ 1-0

[Event "Deltalift Open 2014"]
[Site "Tylosand"]
[Date "2014.05.30"]
[Round "5.2"]
[White "Bellon, Juan"]
[Black "Brynell, Stellan"]
[Result "1-0"]
[WhiteElo "2402"]
[BlackElo "2460"]

1.d4 e6 2.Nf3 Nf6 3.Bg5 h6 4.Bxf6 Qxf6 5.e4 d6 6.Nc3 Qd8 7.Qd2 Nd7 8.O-O-O
a6 9.h4 c5 10.dxc5 Nxc5 11.Qf4 Bd7 12.e5 d5 13.Kb1 b5 14.Nd4 b4 15.Nce2 
Be7 16.g4 f6 17.exf6 Bxf6 18.Qe3 Qe7 19.Bg2 O-O-O 20.Nf4 Rhe8 21.Ng6 Qf7 
22.Ne5 Bxe5 23.Qxe5 Kb7 24.Rhe1 Bc8 25.f4 Qc7 26.f5 Qxe5 27.Rxe5 exf5 28.
Rxd5 Rxd5 29.Bxd5+ Kb6 30.gxf5 Re5 31.Bg2 Bxf5 32.Nxf5 Rxf5 33.Rd6+ Kb5 
34.Rg6 Rf4 35.Rxg7 Rxh4 36.b3 Rf4 37.Rg6 Ne4 38.Bxe4 Rxe4 39.Rxh6 Re1+ 40.
Kb2 a5 41.a4+ bxa3+ 42.Kxa3 Kc5 43.c4 Kd4 44.Rh5 Kc3 45.Rh3+ Kd4 46.Ka4 
Re5 47.Rh8 Kc3 48.Ra8 Re1 49.Rxa5 Ra1+ 50.Kb5 Rb1 51.Ra3 Kb2 52.Ra4 Rh1 
53.b4 Kb3 54.c5 Rh4 55.Ra1 Rxb4+ 56.Ka6 Rc4 57.Rb1+ Ka4 58.Kb6 1-0

[Event "Deltalift Open 2014"]
[Site "Tylosand"]
[Date "2014.05.30"]
[Round "5.3"]
[White "Berg, Emanuel"]
[Black "Ziegler, Ari"]
[Result "1-0"]
[WhiteElo "2547"]
[BlackElo "2330"]

1.e4 e5 2.Nf3 Nc6 3.Bb5 a6 4.Ba4 Nf6 5.O-O Be7 6.d3 b5 7.Bb3 d6 8.a3 O-O 
9.Nc3 Be6 10.Nd5 Bxd5 11.exd5 Nb8 12.Re1 Nfd7 13.d4 Bf6 14.a4 bxa4 15.Bxa4
exd4 16.Nxd4 Nb6 17.Nc6 Qc8 18.Ne7+ Bxe7 19.Rxe7 Qd8 20.Re3 Nxa4 21.Rxa4 
Nd7 22.Rg3 Re8 23.Bh6 g6 24.Bg5 Qb8 25.Rb3 Qc8 26.Be3 Rb8 27.Rxb8 Qxb8 28.
b3 Qb5 29.h3 Nc5 30.Rc4 Re5 31.Qd4 Qe8 32.b4 Re4 33.Qc3 Rxc4 34.Qxc4 Qa4 
35.Bd4 a5 36.Qe2 axb4 37.Qe7 Qd7 38.Qf6 Kf8 39.Qh8+ 1-0

[Event "Deltalift Open 2014"]
[Site "Tylosand"]
[Date "2014.05.30"]
[Round "5.4"]
[White "Johansson, Linus"]
[Black "Hector, Jonny"]
[Result "1-0"]
[WhiteElo "2338"]
[BlackElo "2511"]

1.d4 d5 2.c4 c6 3.Nf3 Nf6 4.Nc3 dxc4 5.a4 Bf5 6.Ne5 Na6 7.e3 Nd7 8.Nxc4 e5
9.Nxe5 Nxe5 10.Bxa6 bxa6 11.dxe5 Qxd1+ 12.Nxd1 Bb4+ 13.Bd2 Bxd2+ 14.Kxd2 
O-O-O+ 15.Kc1 Rd5 16.Nc3 Rxe5 17.Rd1 Kc7 18.Ra3 Rb8 19.Ne2 Rb4 20.Rd4 a5 
21.Rc3 Bd7 22.b3 g5 23.Rdc4 Rf5 24.f3 g4 25.Nf4 gxf3 26.gxf3 Rg5 27.Kd2 
Kb6 28.Rd3 Rxc4 29.bxc4 Kc7 30.Rd4 Rg1 31.c5 Rh1 32.h4 Bf5 33.e4 Bc8 34.h5
Ra1 35.Rd6 Rxa4 36.Rf6 Ra2+ 37.Kc1 a4 38.Rxf7+ Kb8 39.Kb1 Rd2 40.Rg7 Rf2 
41.Nd3 Rf1+ 42.Kc2 Rxf3 43.Ne5 Rf6 44.Rxh7 Re6 45.Re7 Rh6 46.Kc3 Bb7 47.
Re8+ Kc7 48.Re7+ Kb8 49.Kb4 Rxh5 50.Kxa4 Rh1 51.Nc4 Ba6 52.Nd6 Ra1+ 53.Kb4
Rb1+ 54.Kc3 Rc1+ 55.Kd4 Rd1+ 56.Ke5 Bf1 57.Re8+ Kc7 58.Ra8 Ra1 59.Ke6 Bh3+
60.Ke7 Ra5 61.Rh8 Bd7 62.Rh5 Ra1 63.Rh2 Ra4 64.Rb2 Bc8 65.Ne8# 1-0

[Event "Deltalift Open 2014"]
[Site "Tylosand"]
[Date "2014.05.30"]
[Round "5.5"]
[White "Cramling, Pia"]
[Black "Ronneland, Daniel"]
[Result "1-0"]
[WhiteElo "2507"]
[BlackElo "2231"]

1.Nf3 Nf6 2.c4 g6 3.b3 Bg7 4.Bb2 O-O 5.g3 d6 6.d4 Nbd7 7.Bg2 Ne4 8.Qc2 f5 
9.d5 Ndf6 10.O-O e5 11.dxe6 Bxe6 12.Nc3 Qe7 13.Rad1 Rae8 14.Nd4 Bf7 15.e3 
Nxc3 16.Bxc3 Ne4 17.Bb2 a6 18.Ne2 Bxb2 19.Qxb2 Qe5 20.Qxe5 Rxe5 21.Rc1 
Rfe8 22.Rfd1 Ra5 23.Rc2 Ree5 24.Nf4 Ra3 25.Nd5 Bxd5 26.cxd5 Re7 27.Bxe4 
fxe4 28.Rdc1 Kf7 29.g4 Kf6 30.Rxc7 Rxc7 31.Rxc7 Rxa2 32.Rxb7 h5 33.gxh5 
gxh5 34.Rh7 Rb2 35.Rh6+ Ke5 36.Rxh5+ Kf6 37.Kg2 Rxb3 38.Kg3 a5 39.Kf4 Rb2 
40.Rh6+ Ke7 41.Rh7+ Kd8 42.Kf5 a4 43.Ke6 a3 44.Ra7 a2 45.Kxd6 Kc8 46.Ke5 
Rxf2 47.h3 Kb8 48.Ra3 Kb7 49.Kxe4 Kb6 50.Ke5 Kc5 51.e4 Rg2 52.Ra5+ Kb4 53.
Ra8 Kc5 54.h4 Rh2 55.Kf5 Kd6 56.Ra6+ Kc5 57.Ke5 Kb5 58.Ra3 Kb4 59.Ra7 Kc5 
60.Ra8 Kb6 61.Kd6 Kb7 62.Ra3 Rxh4 63.e5 Rh2 64.e6 Kc8 65.Ra4 Rg2 66.Ra8+ 
Kb7 67.e7 Rg6+ 68.Kc5 Ra6 69.Rxa6 Kxa6 70.e8=Q a1=Q 71.Qe6+ 1-0

[Event "Deltalift Open 2014"]
[Site "Tylosand"]
[Date "2014.05.30"]
[Round "5.6"]
[White "Haugli, Petter"]
[Black "Kantans, Toms"]
[Result "1/2-1/2"]
[WhiteElo "2292"]
[BlackElo "2440"]

1.d4 Nf6 2.c4 e6 3.Nc3 Bb4 4.Qc2 b6 5.e4 Bxc3+ 6.bxc3 d6 7.Bd3 Nc6 8.f4 e5
9.Nf3 O-O 10.O-O Re8 11.Bd2 Bg4 12.Rae1 Bxf3 13.Rxf3 exd4 14.Qb2 dxc3 15.
Bxc3 Re6 16.e5 dxe5 17.fxe5 Qe8 18.Bf5 Re7 19.exf6 Rxe1+ 20.Kf2 Re5 21.
Bxh7+ Kxh7 22.Rh3+ Kg8 23.fxg7 Kxg7 24.Qc2 Kf6 25.Qe4 Ke6 26.Bxe5 Nxe5 27.
Rh6+ f6 28.g4 Qc6 29.Qf5+ Ke7 30.Qxe5+ fxe5 31.Rxc6 Rf8+ 32.Kg3 Kd7 33.Rg6
e4 34.Rg5 Ke6 35.Rd5 c6 36.Rd2 Ke5 37.g5 e3 38.Rd7 Kf5 39.Re7 Kxg5 40.Rxe3
Rd8 41.c5 b5 42.Ra3 Rd7 43.h4+ Kf5 44.Ra6 Rd3+ 45.Kf2 Ke5 46.Rxa7 Rh3 47.
a4 b4 48.Rd7 Rxh4 49.a5 Rc4 50.a6 Rxc5 51.Rb7 Rc2+ 52.Ke3 c5 53.Rb5 Rc3+ 
54.Kd2 Ra3 55.Rxc5+ Kd4 56.Rc6 1/2-1/2

[Event "Deltalift Open 2014"]
[Site "Tylosand"]
[Date "2014.05.30"]
[Round "5.7"]
[White "Kristensen, Kaare Hove"]
[Black "Kumar, Rahul"]
[Result "1/2-1/2"]
[WhiteElo "2350"]
[BlackElo "2169"]

1.e4 c5 2.Nf3 d6 3.d4 cxd4 4.Nxd4 Nf6 5.Nc3 a6 6.Bg5 e6 7.f4 Qc7 8.Bxf6 
gxf6 9.Be2 h5 10.Qd2 b5 11.Bf3 Bb7 12.O-O Nd7 13.Kh1 Rc8 14.f5 e5 15.Nde2 
Nb6 16.b3 h4 17.Rfd1 Ke7 18.a4 Bh6 19.Qd3 b4 20.Na2 Rhd8 21.a5 d5 22.axb6 
dxe4 23.Qxe4 Bxe4 24.bxc7 Rxd1+ 25.Rxd1 Bxc2 26.Rd5 Bxb3 27.Nxb4 Bxd5 28.
Nxd5+ Kd6 29.Nec3 Bd2 30.Nb6 Rxc7 31.Ne4+ Kc6 32.Na8 Rc8 33.Nxd2+ Kb5 34.
Be2+ Kb4 35.Bxa6 Rxa8 36.Bf1 Kc5 37.Kg1 Ra4 38.g3 hxg3 39.hxg3 Kd4 40.Bg2 
Ke3 41.Nf1+ Kd3 42.Bd5 Ra7 43.Kf2 Rd7 44.Ne3 Kd4 45.Bg2 e4 46.Ng4 Rd6 47.
Bf1 Rd5 48.Nh6 Ra5 49.Be2 Rc5 50.g4 Rc7 51.Bd1 Rb7 52.Be2 Ke5 53.Ke3 Rb3+ 
54.Kf2 Rb7 55.Ke3 Rb3+ 56.Kf2 Rb7 1/2-1/2

[Event "Deltalift Open 2014"]
[Site "Tylosand"]
[Date "2014.05.30"]
[Round "5.9"]
[White "Nilsson, Anders"]
[Black "Madebrink, Lars"]
[Result "1/2-1/2"]
[WhiteElo "2214"]
[BlackElo "2191"]

1.d4 Nf6 2.c4 g6 3.Nc3 Bg7 4.e4 d6 5.Nge2 O-O 6.Ng3 c6 7.Be2 e5 8.d5 c5 9.
h4 h5 10.Bg5 Nbd7 11.Qd2 Qb6 12.a4 a6 13.Ra3 Nh7 14.a5 Qc7 15.Bh6 Ndf6 16.
Bxg7 Kxg7 17.Na4 Bg4 18.f3 Bd7 19.Nb6 Rad8 20.Nf1 Be8 21.Rb3 Nd7 22.g4 
Nxb6 23.Rxb6 Nf6 24.Ng3 Nd7 25.Qg5 f6 26.Qe3 Nxb6 27.axb6 Qxb6 28.gxh5 
Qxb2 29.Rg1 Bd7 30.Nf5+ Bxf5 31.exf5 Qa1+ 32.Bd1 Qd4 33.Rxg6+ Kf7 34.Rxf6+
Ke7 35.Re6+ Kd7 36.Qg5 Qxc4 37.Qe7+ Kc8 38.Rxd6 Qc3+ 39.Kf1 Rfe8 40.Rxd8+ 
Rxd8 41.f6 Qc4+ 42.Be2 Qxh4 43.Bd3 Qh1+ 44.Kf2 Qh2+ 45.Kf1 Qh1+ 46.Kf2 
Qh2+ 1/2-1/2

[Event "Deltalift Open 2014"]
[Site "Tylosand"]
[Date "2014.05.30"]
[Round "5.10"]
[White "Grimsholm, Ola"]
[Black "Silseth, Simon"]
[Result "1/2-1/2"]
[WhiteElo "2098"]
[BlackElo "2317"]

1.e4 c5 2.Nf3 d6 3.d4 cxd4 4.Nxd4 Nf6 5.Nc3 g6 6.Be3 Bg7 7.f3 O-O 8.Qd2 
Nc6 9.Bc4 Bd7 10.O-O-O Ne5 11.Bb3 Qa5 12.h4 Rfc8 13.g4 Nc4 14.Bxc4 Rxc4 
15.h5 Rac8 16.Nb3 Qa6 17.hxg6 Rxc3 18.gxf7+ Kxf7 19.bxc3 Qxa2 20.Bd4 Be6 
21.g5 Qa3+ 22.Kb1 Bxb3 23.cxb3 Qxb3+ 24.Qb2 Qxb2+ 25.Kxb2 Nd7 26.Rxh7 e5 
27.Be3 Rc6 28.Rg1 Nf8 29.g6+ Kg8 30.Bh6 Bxh6 31.Rxh6 Kg7 32.Rh5 Rc7 33.Rf5
Re7 34.Rf7+ Rxf7 35.gxf7+ Kxf7 36.Kb3 Nd7 37.Kc4 Nb6+ 38.Kb5 Nd7 39.Ra1 
a6+ 40.Kc4 Nb6+ 41.Kd3 Ke6 42.c4 1/2-1/2

[Event "Deltalift Open 2014"]
[Site "Tylosand"]
[Date "2014.05.30"]
[Round "5.11"]
[White "Wiander, Michael"]
[Black "Nilsson, Patrik  Helsinborgs ASK"]
[Result "1-0"]
[WhiteElo "2204"]
[BlackElo "2104"]

1.e4 e6 2.Nf3 d5 3.e5 Nh6 4.h4 f5 5.exf6 Qxf6 6.d4 Nf7 7.Bg5 Nxg5 8.hxg5 
Qe7 9.Bd3 Nc6 10.Nc3 Bd7 11.Bg6+ Kd8 12.Rxh7 Rxh7 13.Bxh7 Be8 14.Qe2 g6 
15.Bg8 Bf7 16.Bxf7 Qxf7 17.Qb5 Kc8 18.O-O-O Bg7 19.Kb1 a6 20.Qd3 b6 21.Ne2
Kb7 22.g3 Rd8 23.Nf4 Rd6 24.Qxg6 Qf8 25.Qd3 Nb4 26.Qe2 Qe8 27.a3 Nc6 28.c3
Na5 29.Re1 Nc4 30.Nxe6 Rxe6 31.Qxe6 Qb5 32.Qe2 Qb3 33.Kc1 Bf8 34.Qc2 Qa2 
35.Qb1 Qb3 36.Nd2 1-0

[Event "Deltalift Open 2014"]
[Site "Tylosand"]
[Date "2014.05.30"]
[Round "5.12"]
[White "Harren, Mats"]
[Black "Nygren, Kim"]
[Result "1/2-1/2"]
[WhiteElo "2033"]
[BlackElo "2209"]

1.e4 d5 2.exd5 Nf6 3.Bb5+ Bd7 4.Bc4 b5 5.Bb3 a5 6.a4 bxa4 7.Bc4 c6 8.dxc6 
Nxc6 9.Nf3 Qc7 10.d3 g6 11.Nc3 Bg7 12.h3 O-O 13.O-O Rad8 14.Be3 Nb4 15.Qd2
Bc6 16.Nd4 Ba8 17.Rxa4 Nh5 18.Ncb5 Qb7 19.Nf3 Nc6 20.Ne1 Be5 21.f4 Bb8 22.
Qf2 e5 23.f5 Nd4 24.fxg6 hxg6 25.Nc3 Kg7 26.Rxa5 Nf4 27.Kh2 Rh8 28.Ne4 Bc7
29.Rc5 f5 30.Ng5 Bd6 31.Bxd4 Nxh3 32.Ne6+ Kf6 33.gxh3 exd4+ 34.Nf4 Bxc5 
35.Qg3 g5 36.Nf3 g4 37.Re1 Bd6 38.Re6+ Kg7 39.Rg6+ Kf8 40.Rf6+ Kg7 41.Rg6+
Kf8 42.Rf6+ Kg7 1/2-1/2

[Event "Deltalift Open 2014"]
[Site "Tylosand"]
[Date "2014.05.30"]
[Round "5.14"]
[White "Rydstrom, Tom"]
[Black "Astrom, Lars"]
[Result "1-0"]
[WhiteElo "2190"]
[BlackElo "1937"]

1.e4 c5 2.Nf3 Nc6 3.d4 cxd4 4.Nxd4 g6 5.Be3 Bg7 6.Nc3 Nf6 7.Bc4 O-O 8.Bb3 
d6 9.f3 Bd7 10.Qd2 Rc8 11.O-O-O Ne5 12.Bh6 Bxh6 13.Qxh6 Rxc3 14.bxc3 Qc7 
15.h4 Qxc3 16.Kb1 a5 17.a4 b5 18.Qd2 Qxd2 19.Rxd2 bxa4 20.Ba2 Rb8+ 21.Ka1 
Nc6 22.Nxc6 Bxc6 23.Rb1 Rb4 24.c3 Rxb1+ 25.Kxb1 Nd7 26.Bd5 Bxd5 27.Rxd5 
Nc5 28.e5 Nb7 29.Rb5 Nc5 30.exd6 exd6 31.Rb6 Kf8 32.Rxd6 Ke7 33.Rc6 Nb3 
34.Kb2 Kd7 35.Rc4 Nd2 36.Rd4+ 1-0

[Event "Harplinge Mini Open 2014"]
[Site "Tylosand"]
[Date "2014.05.30"]
[Round "5.19"]
[White "Forsberg, Fredrik"]
[Black "Cramling, Anna"]
[Result "0-1"]
[WhiteElo "1515"]
[BlackElo "1514"]

1.e4 c5 2.c3 Nf6 3.Be2 Nxe4 4.d4 cxd4 5.cxd4 d5 6.Nf3 Bf5 7.Nc3 Nxc3 8.
bxc3 Qc7 9.Qb3 Nd7 10.Rb1 Bxb1 0-1

[Event "Deltalift Open 2014"]
[Site "Tylosand"]
[Date "2014.05.30"]
[Round "6.1"]
[White "Bellon, Juan"]
[Black "Persson, Tiger Hillarp"]
[Result "1/2-1/2"]
[WhiteElo "2402"]
[BlackElo "2556"]

1.d4 g6 2.Nf3 Bg7 3.Bf4 d6 4.e3 Nd7 5.h3 e5 6.Bh2 Qe7 7.Be2 Ngf6 8.c4 exd4
9.exd4 O-O 10.Nc3 Re8 11.O-O Nf8 12.Re1 Qd8 13.Bf1 Rxe1 14.Qxe1 Ne6 15.Qd2
Bd7 16.Re1 a5 17.a4 Qf8 18.Nd5 Bxa4 19.Ra1 Qe8 20.Re1 Qd8 21.Ra1 Bd7 22.
Rxa5 Rxa5 23.Nxf6+ Bxf6 24.Qxa5 Nxd4 25.Nxd4 Bxd4 26.Bg3 b6 27.Qd2 Qf6 28.
b3 Be5 29.Bxe5 Qxe5 30.b4 Be6 31.b5 d5 32.cxd5 Bxd5 33.Qc1 h5 34.Bc4 Qd4 
35.Bf1 Qc5 36.Qf4 Qd6 37.Qe3 c5 38.bxc6 Qxc6 39.Qd3 Qc5 40.h4 Bc6 41.Qa6 
b5 42.Qa5 Kf8 43.Be2 Qd6 44.Bxb5 Bxb5 1/2-1/2

[Event "Deltalift Open 2014"]
[Site "Tylosand"]
[Date "2014.05.30"]
[Round "6.2"]
[White "Cramling, Pia"]
[Black "Berg, Emanuel"]
[Result "0-1"]
[WhiteElo "2507"]
[BlackElo "2547"]

1.Nf3 Nf6 2.c4 g6 3.b3 Bg7 4.Bb2 O-O 5.e3 c5 6.Be2 b6 7.O-O Bb7 8.d4 cxd4 
9.Nxd4 Na6 10.Nc3 Nc5 11.Rc1 a6 12.b4 Nce4 13.Nxe4 Nxe4 14.f3 Nf6 15.Qd2 
Qc7 16.Rfd1 Rfd8 17.Bf1 d6 18.a3 Rac8 19.e4 Qb8 20.Qf2 Bh6 21.Rc2 e5 22.
Nb3 Bc6 23.Re1 Ba4 24.Rc3 Nh5 25.Bc1 Bxc1 26.Rexc1 Bxb3 27.Rxb3 Nf4 28.c5 
b5 29.g3 Ne6 30.Bh3 Nd4 31.Rd3 Rc6 32.f4 dxc5 33.bxc5 Qc7 34.fxe5 Rxc5 35.
Rcd1 Rc1 36.Rxc1 Qxc1+ 37.Kg2 Qc4 38.Qf6 Rf8 39.Re3 Nc2 0-1